000 01090nam0a22002891 4500
001 rc\4300215
005 20250612042447.0
021 _aRU
_b[65-82613]
035 _a(NLR Aleph) 008501623
090 _a8112667
_c8112667
100 _a20130416d1965 |||y0rusy50 ca
101 0 _arus
102 _aRU
105 _aa z |||||
200 1 _aЭлектронный вычислительный перфоратор ЭВП80-2 "Рута"
_fЦСУ СССР. Глав. упр. вычислит. работ
210 _aМосква
_c[Статистика]
_d1965
215 _a60 с., 3 л. схем.
_cил.
_d21
300 _aПеред загл. 2-й авт.: Г. Григас
333 _aИзд. заказное
606 _aПерфорационные вычислительные машины
_2psbo
700 1 _aВалаткайте
_bР.И.
_gРегина Ионо
701 1 _aГригас
_bА.-Г.К.
_gАнтанас-Гинтаутас Клемансо
801 0 _aRU
_bNLR
_gpsbo
801 1 _aRU
_bELAR
_2rusmarc
852 _aNLR
_j65-6/12886
942 _cBOOK
980 _aNB